00710nam a2200205Ia 4500003000900000008004100009020001800050040001600068080002000084245009700104260003300201300001500234650001800249650004100267650002200308700002800330942000700358999001500365952012400380IN-BaIIA211028s9999 xx 000 0 eng d a0-08-010999-3 cIIA Library a047.1:52bVIA-6 0aVistas in astronomybvol. 6cedited by Arthur Beer  aOxfordbPergamon Pressc1965 avii, 214p. aAstronomy980 aAstronomy and Astrophysics Thesaurus aAstrophysics9794 aBeer, Arthur, ed.93137 cBK c2932d2932 00104070aBANbBANcGENd1967-06-02g110.25l0o047.1:52/ VIA-6p3258r2021-11-05v110.25w1967-06-02yBKGRs. 110.25